Discurso leído por... Fernando Cos-Gayón, ministro de Gracia y Justicia en la solemne apertura de los Tribunales, celebrada en 15 de septiembre de 1892. (Record no. 42470)

MARC details
000 -LEADER
campo de control de longitud fija 01254nam a2200241 i 4500
001 - NÚMERO DE CONTROL
campo de control 42470
003 - IDENTIFICADOR DE NÚMERO DE CONTROL
campo de control ES-MaACL
005 - FECHA Y HORA DE LA ÚLTIMA TRANSACCIÓN
campo de control 20240512063033.0
007 - CAMPO FIJO DE DESCRIPCIÓN FÍSICA--INFORMACIÓN GENERAL
campo de control de longitud fija t|
008 - DATOS DE LONGITUD FIJA--INFORMACIÓN GENERAL
campo de control de longitud fija 030331s1892 sp ||||1| spa d
080 ## - NÚMERO DE LA CLASIFICACIÓN DECIMAL UNIVERSAL
Número de la Clasificación Decimal Universal 347.97/.99(460)
100 1# - ENTRADA PRINCIPAL--NOMBRE DE PERSONA
Nombre de persona Cos-Gayón, Fernando,
Fechas asociadas al nombre 1825-1898
9 (RLIN) 40977
Término indicativo de función/relación Autor
245 10 - MENCIÓN DEL TÍTULO
Título Discurso leído por... Fernando Cos-Gayón, ministro de Gracia y Justicia en la solemne apertura de los Tribunales, celebrada en 15 de septiembre de 1892.
260 ## - PUBLICACIÓN, DISTRIBUCIÓN, ETC.
Lugar de publicación, distribución, etc. Madrid :
Nombre del editor, distribuidor, etc. [s.n.],
Fecha de publicación, distribución, etc. 1892
Fabricante (Imp. de José Góngora y Álvarez)
300 ## - DESCRIPCIÓN FÍSICA
Extensión 56 páginas ;
Dimensiones 25 cm.
500 ## - NOTA GENERAL
Nota general Tema del discurso: De la legislación penal en España y la administración de justicia en lo criminal. Las alteraciones sufridas en nuestros días por la legislación penal de España y la administración de justicia en lo criminal, su estado presente, las mejoras obtenidas, los defectos que subsisten de antiguo, o que se han desarrollado ahora, y las reformas que la experiencia y la ciencia demandan
650 04 - PUNTO DE ACCESO ADICIONAL DE MATERIA--TÉRMINO DE MATERIA
Término de materia o nombre geográfico como elemento de entrada Administración de justicia-
Subdivisión geográfica España
9 (RLIN) 9621
852 ## - LOCALIZACIÓN
Ubicación ES-MaACL
Ubicación en estantería Depósito folletos
Número de control de estantería T-1153-F-3
852 ## - LOCALIZACIÓN
Ubicación ES-MaACL
Ubicación en estantería Depósito folletos
Número de control de estantería T-689-F-2
942 ## - ELEMENTOS DE ENTRADA SECUNDARIOS (KOHA)
Fuente del sistema de clasificación o colocación Clasificación decimal universal
Tipo de ítem Koha Folleto
Suprimir en OPAC No
Holdings
Estatus retirado Estado de pérdida Estado de daño No para préstamo Colección Biblioteca de origen Biblioteca actual Ubicación en estantería Fecha de adquisición Fuente de adquisición Total de préstamos Signatura topográfica completa Código de barras Visto por última vez Precio de reemplazo Tipo de ítem Koha
        Colección de folletos Biblioteca del Ateneo de Madrid Biblioteca del Ateneo de Madrid Depósito folletos 17/01/2008     T-689-F-2 1044701 23/02/2023 23/02/2023 Folleto
        Colección de folletos Biblioteca del Ateneo de Madrid Biblioteca del Ateneo de Madrid Depósito folletos 17/01/2008     T-1153-F-3 1044700 23/02/2023 23/02/2023 Folleto